HOSPITABLE LINGUISTICS: ALTERNATIVE, INDIGENOUS AND CRITICAL APPROACHES TO LANGUAGE RESEARCH AND LANGUAGE ENCOUNTERS (Record no. 215900)

MARC details
000 -LEADER
fixed length control field 00686nam a22001817a 4500
008 - FIXED-LENGTH DATA ELEMENTS--GENERAL INFORMATION
fixed length control field 250716b |||||||| |||| 00| 0 eng d
020 ## - INTERNATIONAL STANDARD BOOK NUMBER
International Standard Book Number 978-1-78892-969-1
050 ## - LIBRARY OF CONGRESS CALL NUMBER
Classification number P 41 .H67 2025
100 ## - MAIN ENTRY--PERSONAL NAME
Personal name FARACLAS, NICHOLAS,
245 ## - TITLE STATEMENT
Title HOSPITABLE LINGUISTICS: ALTERNATIVE, INDIGENOUS AND CRITICAL APPROACHES TO LANGUAGE RESEARCH AND LANGUAGE ENCOUNTERS
260 ## - PUBLICATION, DISTRIBUTION, ETC.
Place of publication, distribution, etc. BRISTOL
Name of publisher, distributor, etc. MULTILINGUAL MATTERS
Date of publication, distribution, etc. 2025
300 ## - PHYSICAL DESCRIPTION
Extent XXII,343P.:ILL
500 ## - GENERAL NOTE
General note INCLUDES BIBLIOGRAPHICAL REFERENCES AND INDEX
650 ## - SUBJECT ADDED ENTRY
Topical term or geographic name entry element 1. LINGUISTICS 2. DECOLONIZATION 3. HOSPITALITY 4. LANGUAGE AND CULTURE
700 ## - ADDED ENTRY--PERSONAL NAME
Personal name STORCH, ANNE
-- VELUPILLAI, VIVEKA
942 ## - ADDED ENTRY ELEMENTS (KOHA)
Source of classification or shelving scheme Library of Congress Classification
Koha item type Long Loan Book
Holdings
Withdrawn status Lost status Source of classification or shelving scheme Damaged status Not for loan Collection Home library Current library Shelving location Date acquired Inventory number Total checkouts Full call number Barcode Date last seen Copy number Price effective from Koha item type
    Library of Congress Classification     Arts & Social Sciences Kisii University Library Kisii University Library On Display 07/16/2025 109261   P 41 .H67 2025 000000020184 07/16/2025 1 07/16/2025 Long Loan Book
    Library of Congress Classification     Arts & Social Sciences Kisii University Library Kisii University Library On Display 07/16/2025 109262   P 41 .H67 2025 000000020183 07/16/2025 2 07/16/2025 Long Loan Book
    Library of Congress Classification     Arts & Social Sciences Kisii University Library Kisii University Library On Display 07/16/2025 109263   P 41 .H67 2025 000000020182 07/16/2025 3 07/16/2025 Long Loan Book